| 000 | 00759nam a2200193Ia 4500 | ||
|---|---|---|---|
| 008 | 151121s9999||||xx |||||||||||||| ||und|| | ||
| 082 | _a923/इंगोले | ||
| 082 | _bHNW-71694 | ||
| 100 | _aइंगोले विजया | ||
| 245 | _aज्ञानज्योतीमाई सावित्री फुले | ||
| 260 | _b"रामइंगोले, अंबेजोगाई।" | ||
| 260 | _c-- | ||
| 300 | _a178 | ||
| 600 | _aइंगोले विजया | ||
| 630 | _aज्ञानज्योतीमाई सावित्री फुले | ||
| 700 | _aइंगोले विजया | ||
| 730 | _aज्ञानज्योतीमाई सावित्री फुले | ||
| 942 | _cBOOK | ||
| 999 |
_c1253162 _d1253159 |
||